|
|
|
|
| LEADER |
00000nab a2200000 a 4500 |
| 001 |
vtls000054973 |
| 003 |
SK-MaSNL |
| 005 |
20260304010649.0 |
| 008 |
111103c1980 xo 0 slo |
| 015 |
|
|
|a SNBRB19rr/mm-uuuuu
|
| 035 |
|
|
|a CL0065070
|
| 040 |
|
|
|a SNKBUCL
|b slo
|c SNKBUCL
|e AACR2
|
| 041 |
0 |
|
|a slo
|
| 044 |
|
|
|a xo
|c SK
|
| 080 |
|
|
|a 792.5
|2 1981
|
| 100 |
0 |
|
|a (ab)
|4 aut
|9 841340
|
| 245 |
1 |
0 |
|a Hubička k šesťdesiatke SND
|c (ab)
|
| 600 |
1 |
7 |
|a Smetana, Bedřich,
|d 1824-1884
|t Hubička
|2 snkbucl
|9 119676
|
| 610 |
2 |
7 |
|a Slovenské národné divadlo.
|b Opera
|2 snkbucl
|9 65024
|
| 650 |
0 |
7 |
|a opery
|2 snkbucl
|9 3214
|
| 655 |
|
7 |
|a recenzie
|2 snkbucl
|9 21907
|
| 655 |
|
7 |
|a články z novín a časopisov
|2 snkbucl
|9 267496
|
| 773 |
0 |
|
|t Smena
|g Roč. 33, č. 35 (11. 2. 1980), s. 5
|
| 850 |
|
|
|a Slovenská národná knižnica v Martine
|a MTA001
|
| 852 |
|
|
|a SNK
|b KIS3GCP
|
| 958 |
|
|
|a RK
|
| 992 |
|
|
|a RBX
|
| 999 |
|
|
|c 2562012
|d 2563942
|